مكتبة جامعة عجلون الوطنية

فهرس بحث المكتبة

Create space : (Record no. 33715)

MARC details
000 -LEADER
fixed length control field 02638cam a2200577 i 4500
001 - CONTROL NUMBER
control field 22214437
003 - CONTROL NUMBER IDENTIFIER
control field JO-AjAnu
005 - DATE AND TIME OF LATEST TRANSACTION
control field 20241016094954.0
008 - FIXED-LENGTH DATA ELEMENTS--GENERAL INFORMATION
fixed length control field 210902t20212021enka e 001 0 eng d
010 ## - LIBRARY OF CONGRESS CONTROL NUMBER
LC control number 2021289453
015 ## - NATIONAL BIBLIOGRAPHY NUMBER
National bibliography number GBC0H0079
Source bnb
016 7# - NATIONAL BIBLIOGRAPHIC AGENCY CONTROL NUMBER
Record control number 019997400
Source Uk
020 ## - INTERNATIONAL STANDARD BOOK NUMBER
International Standard Book Number 9780241479285
Qualifying information hardcover
020 ## - INTERNATIONAL STANDARD BOOK NUMBER
International Standard Book Number 0241479282
Qualifying information hardcover
035 ## - SYSTEM CONTROL NUMBER
System control number (OCoLC)on1222804534
040 ## - CATALOGING SOURCE
Original cataloging agency UKMGB
Language of cataloging eng
Transcribing agency UKMGB
Description conventions rda
Modifying agency OCLCO
-- OCLCF
-- YDX
-- BDX
-- SINLB
-- TOH
-- CLE
-- OI6
-- YDX
-- UAP
-- OCLCO
-- AU@
-- NZAUC
-- LEB
-- OCLCO
-- OCL
-- DLC
-- JO-AjAnu
042 ## - AUTHENTICATION CODE
Authentication code lccopycat
050 00 - LIBRARY OF CONGRESS CALL NUMBER
Classification number TX324
Item number .C376 2021
082 04 - DEWEY DECIMAL CLASSIFICATION NUMBER
Classification number 648.8
Edition number 23
100 1# - MAIN ENTRY--PERSONAL NAME
Personal name Carter, Dilly,
Relator term author.
245 10 - TITLE STATEMENT
Title Create space :
Remainder of title declutter your home to clear your mind /
Statement of responsibility, etc. Dilly Carter.
264 #1 - PRODUCTION, PUBLICATION, DISTRIBUTION, MANUFACTURE, AND COPYRIGHT NOTICE
Place of production, publication, distribution, manufacture London :
Name of producer, publisher, distributor, manufacturer Dorling Kindersley Limited,
Date of production, publication, distribution, manufacture, or copyright notice 2021.
264 #4 - PRODUCTION, PUBLICATION, DISTRIBUTION, MANUFACTURE, AND COPYRIGHT NOTICE
Date of production, publication, distribution, manufacture, or copyright notice ©2021
300 ## - PHYSICAL DESCRIPTION
Extent 191 pages :
Other physical details illustrations (chiefly color) ;
Dimensions 23 cm
336 ## - CONTENT TYPE
Content type term text
Content type code txt
Source rdacontent
336 ## - CONTENT TYPE
Content type term still image
Content type code sti
Source rdacontent
337 ## - MEDIA TYPE
Media type term unmediated
Media type code n
Source rdamedia
338 ## - CARRIER TYPE
Carrier type term volume
Carrier type code nc
Source rdacarrier
500 ## - GENERAL NOTE
General note Includes index.
505 0# - FORMATTED CONTENTS NOTE
Formatted contents note Chaos -- Bedroom -- Bathroom -- Kitchen -- Utility -- Dining -- Living -- Entrance -- Office -- Kids -- Spare spaces -- Calm -- Resources.
520 ## - SUMMARY, ETC.
Summary, etc. Create Space shows you how taking steps to clear and simplify your living space can also clear your mind, improve your relationships, and enhance your well-being. This room-by-room guide to organizing and decluttering your home is packed with ideas, advice, tips, and techniques that are practical and functional as well as beautiful. Turn chaos into calm with step-by-step methods that you can adapt and sustain for your own needs.--
Assigning source Amazon.
650 #0 - SUBJECT ADDED ENTRY--TOPICAL TERM
Topical term or geographic name entry element Storage in the home.
650 #0 - SUBJECT ADDED ENTRY--TOPICAL TERM
Topical term or geographic name entry element Orderliness.
650 #0 - SUBJECT ADDED ENTRY--TOPICAL TERM
Topical term or geographic name entry element House cleaning.
650 #0 - SUBJECT ADDED ENTRY--TOPICAL TERM
Topical term or geographic name entry element Interior decoration.
650 #7 - SUBJECT ADDED ENTRY--TOPICAL TERM
Topical term or geographic name entry element HOUSE & HOME / General.
Source of heading or term bisacsh
650 #7 - SUBJECT ADDED ENTRY--TOPICAL TERM
Topical term or geographic name entry element Interior decoration.
Source of heading or term fast
Authority record control number or standard number (OCoLC)fst00976327
650 #7 - SUBJECT ADDED ENTRY--TOPICAL TERM
Topical term or geographic name entry element House cleaning.
Source of heading or term fast
Authority record control number or standard number (OCoLC)fst00961913
650 #7 - SUBJECT ADDED ENTRY--TOPICAL TERM
Topical term or geographic name entry element Orderliness.
Source of heading or term fast
Authority record control number or standard number (OCoLC)fst01047394
650 #7 - SUBJECT ADDED ENTRY--TOPICAL TERM
Topical term or geographic name entry element Storage in the home.
Source of heading or term fast
Authority record control number or standard number (OCoLC)fst01133990
653 ## - INDEX TERM--UNCONTROLLED
Uncontrolled term Household
653 ## - INDEX TERM--UNCONTROLLED
Uncontrolled term Interior decoration & furnishings
653 ## - INDEX TERM--UNCONTROLLED
Uncontrolled term Self-help & personal development
655 #7 - INDEX TERM--GENRE/FORM
Genre/form data or focus term Self-help publications.
Source of term fast
Authority record control number or standard number (OCoLC)fst01941328
655 #7 - INDEX TERM--GENRE/FORM
Genre/form data or focus term Handbooks and manuals.
Source of term fast
Authority record control number or standard number (OCoLC)fst01423877
655 #7 - INDEX TERM--GENRE/FORM
Genre/form data or focus term Self-help publications.
Source of term lcgft
655 #7 - INDEX TERM--GENRE/FORM
Genre/form data or focus term Handbooks and manuals.
Source of term lcgft
906 ## - LOCAL DATA ELEMENT F, LDF (RLIN)
a 7
b cbc
c copycat
d 2
e ncip
f 20
g y-gencatlg
942 ## - ADDED ENTRY ELEMENTS (KOHA)
Source of classification or shelving scheme Library of Congress Classification
Koha item type Books
Suppress in OPAC No
Holdings
Withdrawn status Lost status Source of classification or shelving scheme Damaged status Not for loan Home library Current library Date acquired Total Checkouts Full call number Barcode Date last seen Price effective from Koha item type
    Library of Congress Classification     مكتبة جامعة عجلون الوطنية مكتبة جامعة عجلون الوطنية 16/10/2024   TX324.C376 2021 e3928 16/10/2024 16/10/2024 Books